000 01023nas a2200301 4500
001 BR8904156
003 BR-BrBNA
005 20231205091655.0
007 ta
008 230509b bl.|||p| |||| 00| 00por d
040 _aBR-BrBNA
_bpor
_cBiblioteca Nacional de Agricultura
041 _a(En)
072 _aQ04
100 1 _aDerbyshire, E.
100 1 _aCarvalho, M.T.V.
100 1 _aVitti, D.M.S.S.
100 1 _aCosta, C.P.
245 1 _aAtividades mitogenicas de proteinas de feijao determinadas por ensaios de incorporacao de h-timidina por linfocitos humanos
246 1 _aThe mitogenic activities of bean proteins determined by assay of the incorporation of h-thymidine by human lymphocytes
650 _aFEIJAO
650 _aPROTEINA
650 _aMITOSE
650 _aANALISE QUIMICA
650 _aANALISE DE ALIMENTO
773 0 _tEnergia Nuclear e Agricultura (Brazil)
_xISSN 0100-3593
_g(1988), v. 9(1) p. 21-27
_wBR8904156
909 _a202311
_bLúcia
_c55
_dLúcia Elande
942 _2AGRIS
_n0
_cANA
999 _c126602
_d126602